Erfolgreichste PlayStation 3-Spiele nach Hauptschurken - Statistiken

Allgemein
  • Dieses Quiz wurde 21 mal gespielt
  • Das Durchschnittsergebnis liegt bei 7 aus 16
Antwortstatistiken
Bildquiz Antwort % Korrekt
Grand Theft Auto V
90%
God of War III
75%
Grand Theft Auto IV
60%
The Last of Us
60%
Batman: Arkham City / Batman: Arkham Asylum
55%
Heavy Rain
55%
Resident Evil
45%
Call of Duty: Modern Warfare 2
35%
Final Fantasy XIII
35%
Metal Gear Solid 4: Guns of the Patriots
30%
Uncharted: Drake's Fortune
30%
LittleBigPlanet
25%
Uncharted 2: Among Thieves
25%
Call of Duty: Black Ops III
20%
Uncharted 3: Drake’s Deception
20%
Beyond: Two Souls
15%
Keine übereinstimmenden Quizze gefunden
Verteilung der Resultate
Anzahl Personen mit jedem Resultat
Perzentil nach korrekt beantworteten Fragen
Ihre Resultats-Entwicklung
Sie haben dieses Quiz noch nicht gespielt